Work Of Art - Benson Boone (All Lyrics) - Statistics

General Stats
  • This quiz has been taken 66 times
  • The average score is 139 of 186
Answer Stats
Answer % Correct
My
98%
my
98%
you
98%
I
95%
your
95%
art
90%
Of
90%
of
90%
The
90%
the
90%
work
90%
Darling
85%
it
85%
moment
85%
to
85%
an
83%
eyes
83%
me
83%
never
83%
heart
80%
here
80%
Painting
80%
perfect
80%
sit
80%
every
78%
from
78%
It's
78%
pictures
78%
start
78%
when
78%
with
78%
empty
76%
is
76%
Is
76%
tonight
76%
way
76%
look
73%
moonlight
73%
mine
71%
you're
71%
And
68%
heart's
68%
hits
68%
I've
68%
like
68%
photographic
68%
stars
68%
they
68%
are
66%
canvas
66%
dark
66%
known
66%
meet
66%
planned
66%
smile
63%
cinematic
61%
Right
61%
most
59%
need
59%
So
59%
this
59%
where
59%
bodies
56%
worlds
56%
if
54%
Illuminates
54%
apart
51%
could've
51%
Even
49%
Our
49%
we're
49%
interlaced
46%
placed
46%
angelic
41%
creates
41%
face
41%
beauty
39%
delicately
39%
everything
37%
Heaven
37%
makes
37%
mistakes
37%
overwhelming
37%
knew
32%
'cause
29%
(Ooh)
27%
No matching quizzes found
Score Distribution
Percent of People with Each Score
Percentile by Number Answered
Your Score History
You have not taken this quiz